Biblioteca

Según la promesa (Registro nro. 44899)

Detalles MARC
000 -LÍDER
Campo fijo de descripción fija 01493aam a2200301 i 4500
001 - NÚMERO DE CONTROL
Campo de control 768714001
003 - IDENTIFICADOR DEL NÚMERO DE CONTROL
Campo de control CO-MdFUSBC
005 - FECHA Y HORA DE LA ULTIMA TRANSACCIÓN
control field 20250529110811.0
008 - ELEMENTOS DE LONGITUD FIJA -- INFORMACIÓN GENERAL
Campo fijo de descripción fija -- Información general 190530t1985 sp |||| |||| 00| 0 spa d
020 ## - NÚMERO INTERNACIONAL NORMALIZADO PARA LIBROS
Número Internacional Normalizado del libro 8476450222
040 ## - FUENTE DE CATALOGACIÓN
Idioma de catalogación spa.
Agencia de catalogación original CO-MdFUSB
Agencia que realiza la transcripción CO-MdFUSB
Agencia que realiza la modificación CO-MdFUSBC
Convenciones de la descripción rda
041 ## - CÓDIGO DE IDIOMA
Código de idioma para texto/pista de sonido o título separado spa
082 ## - NÚMERO DE CLASIFICACIÓN DECIMAL DEWEY
Número de la edición del Dewey 24
Número de clasificación 248.46
Clave de autor-Numero de item SP772
100 1# - ASIENTO PRINCIPAL--NOMBRE PERSONAL
Nombre personal Spurgeon, C. H. (Charles Haddon)
Término relacionador autor
245 10 - TÍTULO
Título del Material Según la promesa
Mención de responsabilidad, etc. / Charles Haddon Spurgeon ; traducido por Rhode Flores
264 #1 - PRODUCCIÓN, PUBLICACIÓN, DISTRIBUCIÓN, MANUFACTURA, Y COPYRIGHT
Lugar de producción, publicación, distribución, manufactura Terrassa :
Nombre del productor, publicador, distribuidor Clie,
Fecha de producción, publicación, distribución, manufactura, o copyright [1985]
264 #4 - PRODUCCIÓN, PUBLICACIÓN, DISTRIBUCIÓN, MANUFACTURA, Y COPYRIGHT
Fecha de producción, publicación, distribución, manufactura, o copyright ©1985
300 ## - DESCRIPCIÓN FÍSICA
Extensión 149 páginas
Dimensiones ; 20 cm
336 ## - TIPO DE CONTENIDO
Término de tipo de contenido texto
Código de tipo de contenido txt
Fuente rdacontent
337 ## - TIPO DE MEDIO
Fuente rdamedia
Nombre del tipo de medio sin mediación
Código del tipo de medio n
338 ## - TIPO DE SOPORTE
Fuente rdacarrier
Nombre del tipo de soporte volumen
Código Tipo de soporte nc
505 0# - NOTA DE CONTENIDO
Nota de contenido con formato preestablecido Las dos semillas. -- Las dos vidas diferentes esperanzas. -- Persecución por causa de la promesa. -- La marcha. --; ¿A quiénes se aplican las promesas?. -- La promesa, un don gratuito. -- La promesa de Dios una realidad. -- El especial tesoro de los creyentes. -- La evaluación de las promesas. -- La promesa del Señor. -- La norma de sus dones. -- La regla sin excepción. --Tomando posesión de las promesas. -- Avalando la promesa. -- La promesa propia para esta vida. -- Informándose acerca de la promesa. -- El tiempo de la promesa. -- La posesión de las promesas por medio del Espíritu. -- Jesús y las promesas.
563 ## - NOTA DE ENCUADERNACIÓN
Nota de encuadernación Rústico.
650 #0 - ASIENTO SECUNDARIO DE MATERIA - TERMINO TEMÁTICO
9 (RLIN) 19
Término temático o nombre geográfico como elemento de entrada Vida cristiana
700 ## - ASIENTO SECUNDARIO - NOMBRE PERSONAL
9 (RLIN) 2030
Nombre personal Flores, Rhode,
Responsabilidad traductor
942 ## - TIPO DE MATERIAL (KOHA)
Tipo de Item KOHA Libros General
945 ## - INFORMACIÓN LOCAL DEL REGISTRO
Catalogador JTF-925
Existencias
Estado de Material Estado de Perdido Forma de Clasificación Estado de Dañado No para Préstamo Colección Tomo Biblioteca de Origen Biblioteca Permanente Fecha de Adquisición Total de Préstamos Signatura Topográfica Código de Barras Última vez visto Ejemplar/Existencia Fecha de Remplazo Tipo de Material
    Dewey Decimal Classification     Colección General   Biblioteca FUSBC Biblioteca FUSBC 10/06/2014   G 248.46 SP772s 18459 12/12/2019 Ej. 1 26/01/2016 Libros General

Biblioteca FUSBC | Teléfono: (57+4) 349 88 10 Ext. 141| WhatsApp (+57) 3005338115 
E-mail: biblioteca@unisbc.edu.co | Calle 76 87-14 Robledo Palenque, Medellín, Colombia

Con tecnología Koha